LIBRARY & INFORMATION CENTRE, KCAET, TAVANUR

ONLINE PUBLIC ACCESS CATALOGUE (OPAC)

Surveying and Levelling part-1 (Record no. 16375)

MARC details
000 -LEADER
fixed length control field 00246nam a22000977a 4500
003 - CONTROL NUMBER IDENTIFIER
control field OSt
008 - FIXED-LENGTH DATA ELEMENTS--GENERAL INFORMATION
fixed length control field 201013b ||||| |||| 00| 0 eng d
100 ## - MAIN ENTRY--AUTHOR NAME
Personal name Kanetkar, T. P
-- Kulkarni, S. V
245 ## - TITLE STATEMENT
Title Surveying and Levelling part-1
942 ## - ADDED ENTRY ELEMENTS (KOHA)
Koha item type Books
Holdings
Withdrawn status Lost status Damaged status Home library Current library Shelving location Date acquired Accession Number Koha item type
    Damaged KAUAET KAUAET Binding Shelf 13/10/2020 18134 Books
free website counter